000 00638nam a2200241Ia 4500
003 OSt
005 20220912151315.0
006 a|||||r|||| 00| 0
007 ta
008 220909b |||||||| |||| 00| 0 eng d
024 _a63989
037 _cTextual
040 _aCSL
_beng
_cCSL
041 _aeng
082 _aE1:5K, 113J5;M2
100 _aHouben-Weyl
245 0 _aMethoden der organischen chemie
260 _aNew York
_b Georg Thieme Verlag Stuttgart
_c1982
300 _aLii, 1156p.
_ccm.
650 _aChemistry
942 _hE1:5K, 113J5;M2
_cTEXL
_2CC
999 _c65650
_d65650